Showcase of coastal & Eeco-Tourism destinations / (Record no. 9439)
[ view plain ]
| 000 -LEADER | |
|---|---|
| fixed length control field | 01181nam a22001937a 4500 |
| 001 - CONTROL NUMBER | |
| control field | 9439 |
| 003 - CONTROL NUMBER IDENTIFIER | |
| control field | FISKH |
| 005 - DATE AND TIME OF LATEST TRANSACTION | |
| control field | 20260108111358.0 |
| 008 - FIXED-LENGTH DATA ELEMENTS--GENERAL INFORMATION | |
| fixed length control field | 260108b cb ||||| |||| 00| 0 eng d |
| 040 ## - CATALOGING SOURCE | |
| Original cataloging agency | FISKH |
| Language of cataloging | eng |
| Transcribing agency | FISKH |
| Modifying agency | FISKH |
| 082 ## - DEWEY DECIMAL CLASSIFICATION NUMBER | |
| Classification number | 910.68 |
| 100 ## - MAIN ENTRY--PERSONAL NAME | |
| Personal name | Anonymous |
| 245 ## - TITLE STATEMENT | |
| Title | Showcase of coastal & Eeco-Tourism destinations / |
| Statement of responsibility, etc. | By Anonymous |
| 260 ## - PUBLICATION, DISTRIBUTION, ETC. | |
| Place of publication, distribution, etc. | Phnom Penh : |
| 300 ## - PHYSICAL DESCRIPTION | |
| Extent | 53 pages : |
| Other physical details | color illustrations , maps ; |
| Dimensions | 21 cm . |
| 520 ## - SUMMARY, ETC. | |
| Summary, etc. | This book highlights some of the world’s most attractive coastal and eco-tourism destinations, emphasizing sustainable travel and environmental preservation. It provides detailed descriptions of beaches, marine parks, nature reserves, and eco-friendly resorts, along with the unique flora, fauna, and cultural heritage of each location. Designed for travelers, tourism professionals, and students, the book also offers practical guidance, including travel tips, conservation practices, and ways to experience nature responsibly. Through stunning visuals and informative content, it aims to inspire appreciation for natural landscapes while promoting eco-conscious tourism. |
| 942 ## - ADDED ENTRY ELEMENTS (KOHA) | |
| Source of classification or shelving scheme | Dewey Decimal Classification |
| Koha item type | Books |
| Suppress in OPAC | No |
| Withdrawn status | Lost status | Source of classification or shelving scheme | Damaged status | Not for loan | Collection | Home library | Current library | Shelving location | Date acquired | Total Checkouts | Full call number | Barcode | Date last seen | Price effective from | Koha item type |
|---|---|---|---|---|---|---|---|---|---|---|---|---|---|---|---|
| Dewey Decimal Classification | Reference | Footprints International School Library Network Toul Tom Poung Campus | Footprints International School Library Network Toul Tom Poung Campus | Librarian's Shelf TTP | 01/08/2026 | ANO 910.68 | 2026-0013 | 01/08/2026 | 01/08/2026 | Books |
